All Gen I Pokémon Alphabetically - Statistics

General Stats
  • This quiz has been taken 19 times
  • The average score is 55 of 151
Answer Stats
Pokémon % Correct
Abra
100%
Aerodactyl
78%
Alakazam
78%
Articuno
78%
Caterpie
78%
Beedrill
67%
Bulbasaur
67%
Butterfree
67%
Chansey
67%
Charmander
67%
Charmeleon
67%
Dragonair
67%
Dragonite
67%
Dratini
67%
Eevee
67%
Zapdos
67%
Bellsprout
56%
Blastoise
56%
Charizard
56%
Cloyster
56%
Cubone
56%
Drowzee
56%
Electrode
56%
Fearow
56%
Flareon
56%
Ivysaur
56%
Jigglypuff
56%
Jolteon
56%
Arbok
44%
Arcanine
44%
Dewgong
44%
Diglett
44%
Ditto
44%
Dodrio
44%
Doduo
44%
Dugtrio
44%
Electabuzz
44%
Exeggcute
44%
Exeggutor
44%
Farfetch'd
44%
Gastly
44%
Gengar
44%
Gloom
44%
Golbat
44%
Goldeen
44%
Hypno
44%
Jynx
44%
Kabuto
44%
Kabutops
44%
Kakuna
44%
Kangaskhan
44%
Kingler
44%
Krabby
44%
Magmar
44%
Mew
44%
Mewtwo
44%
Moltres
44%
Voltorb
44%
Wartortle
44%
Zubat
44%
Clefable
33%
Clefairy
33%
Geodude
33%
Golduck
33%
Golem
33%
Graveler
33%
Grimer
33%
Gyarados
33%
Haunter
33%
Kadabra
33%
Koffing
33%
Lickitung
33%
Machamp
33%
Machoke
33%
Machop
33%
Magnemite
33%
Magneton
33%
Metapod
33%
Mr. Mime
33%
Nidoking
33%
Nidoqueen
33%
Nidoran♀
33%
Nidoran♂
33%
Nidorina
33%
Nidorino
33%
Oddish
33%
Omanyte
33%
Omastar
33%
Paras
33%
Parasect
33%
Pidgeot
33%
Pidgeotto
33%
Pidgey
33%
Raichu
33%
Spearow
33%
Squirtle
33%
Vaporeon
33%
Victreebel
33%
Vileplume
33%
Weepinbell
33%
Ekans
22%
Hitmonchan
22%
Hitmonlee
22%
Horsea
22%
Magikarp
22%
Mankey
22%
Marowak
22%
Meowth
22%
Muk
22%
Ninetales
22%
Onix
22%
Persian
22%
Pikachu
22%
Poliwag
22%
Poliwhirl
22%
Poliwrath
22%
Porygon
22%
Raticate
22%
Rattata
22%
Rhydon
22%
Rhyhorn
22%
Sandshrew
22%
Sandslash
22%
Scyther
22%
Seadra
22%
Seaking
22%
Snorlax
22%
Starmie
22%
Staryu
22%
Tangela
22%
Venomoth
22%
Venonat
22%
Venusaur
22%
Vulpix
22%
Weedle
22%
Weezing
22%
Wigglytuff
22%
Growlithe
11%
Lapras
11%
Pinsir
11%
Ponyta
11%
Primeape
11%
Psyduck
11%
Rapidash
11%
Seel
11%
Shellder
11%
Slowbro
11%
Slowpoke
11%
Tauros
11%
Tentacool
11%
Tentacruel
11%
No matching quizzes found
Score Distribution
Percent of People with Each Score
Percentile by Number Answered
Your Score History
You have not taken this quiz